Loading...
Roots
| Hovedforfatter: | |
|---|---|
| Andre forfattere: | |
| Format: | Printed Book |
| Udgivet: |
Hyderabad
Orient Blackswan
2009
|
| Fag: |
| LEADER | 00508nam a22001577a 4500 | ||
|---|---|---|---|
| 020 | |a 9788125022206 | ||
| 082 | |a 894.812 3 |b RAM/R | ||
| 100 | |a Ramakrishnan, Malayatoor | ||
| 245 | |a Roots | ||
| 260 | |a Hyderabad |b Orient Blackswan |c 2009 | ||
| 300 | |a 138p. | ||
| 650 | |a Malayalam literature-Fiction | ||
| 700 | |a Abdulla, V. | ||
| 942 | |c BK | ||
| 999 | |c 39953 |d 39953 | ||
| 952 | |0 0 |1 0 |4 0 |6 894_812000000000000_3_RAMR |7 0 |8 Stack |9 42660 |a KUCL |b KUCL |c Stack |d 2016-06-14 |g 195.00 |l 0 |o 894.812 3 RAM/R |p 41029 |r 2016-06-14 |w 2016-06-14 |y BK | ||